Manual práctico del automóvil (Record no. 140478)

MARC details
000 -LEADER
campo de control de longitud fija 00532nam a2200157 4500
001 - NÚMERO DE CONTROL
campo de control 140478
003 - IDENTIFICADOR DE NÚMERO DE CONTROL
campo de control ES-MaACL
007 - CAMPO FIJO DE DESCRIPCIÓN FÍSICA--INFORMACIÓN GENERAL
campo de control de longitud fija t|
008 - DATOS DE LONGITUD FIJA--INFORMACIÓN GENERAL
campo de control de longitud fija 070214s1973 sp r ||||1| spa d
100 1# - ENTRADA PRINCIPAL--NOMBRE DE PERSONA
Nombre de persona Schwoch, Werner.
9 (RLIN) 104918
245 10 - MENCIÓN DEL TÍTULO
Título Manual práctico del automóvil
Resto del título : mecanismos de propulsión y marcha /
Mención de responsabilidad, etc. Werner Schwoch ; traducción de Julio Martínez Borso.
260 ## - PUBLICACIÓN, DISTRIBUCIÓN, ETC.
Lugar de publicación, distribución, etc. Barcelona :
Nombre del editor, distribuidor, etc. Reverté,
Fecha de publicación, distribución, etc. 1973.
300 ## - DESCRIPCIÓN FÍSICA
Extensión 243 p. :
Otras características físicas il. ;
Dimensiones 24 cm.
700 1# - ENTRADA AGREGADA--NOMBRE PERSONAL
Nombre de persona Martínez Borso, Julio.
9 (RLIN) 77896
852 ## - LOCALIZACIÓN
Ubicación ES-MaACL
Número de control de estantería E-7510
Sublocalización o colección R.91693
Holdings
Estatus retirado Estado de pérdida Estado de daño No para préstamo Biblioteca de origen Biblioteca actual Ubicación en estantería Fecha de adquisición Fuente de adquisición Total de préstamos Signatura topográfica completa Código de barras Visto por última vez Precio de reemplazo Tipo de ítem Koha
        Biblioteca del Ateneo de Madrid Biblioteca del Ateneo de Madrid Depósito 2 17/01/2008     E-7510 1146186 23/02/2023 23/02/2023 Libro impreso